000
00306nam a22001337a 4500
008
180129b xxu||||| |||| 00| 0 eng d
020
_a
9789041109361
041
_a
eng
080
_a
321
100
_a
15
101
_a
SHJ
245
_a
International Food and Beverage Law
_c
Campbell, D
942
_2
udc
_c
BK
999
_c
41184
_d
41184